My science book of movement

Bibliographic Details
Format: Book
Published: London : Dorling Kindersley , 1992
Series:My science book
Subjects:

MARC

LEADER 00000cam a2200000 7i4500
001 0000001222
002 000001347
005 20000330.0
020 |a 0863187951 
090 0 0 |a J 507   |b SCI 
245 1 0 |a My science book of movement   |c Neil Ardley 
260 |a London :   |b Dorling Kindersley ,   |c 1992 
300 |a 29 p. ;   |c 24 cm. 
490 0 |a My science book 
650 0 0 |a Movements   |x Juvenile literature 
999 |a 030636   |b BUKU   |c PINJAMAN   |e PERPUSTAKAAN KOMUNITI PETALING JAYA